|
|
|
|
| LEADER |
00000cam a2200000 c 4500 |
| 001 |
834868350 |
| 003 |
DE-627 |
| 005 |
20251224200219.0 |
| 007 |
tu |
| 008 |
150911s2015 gw ||||| m 00| ||ger c |
| 020 |
|
|
|a 9783643125750
|9 978-3-643-12575-0
|
| 035 |
|
|
|a (DE-627)834868350
|
| 035 |
|
|
|a (DE-599)BSZ445112387
|
| 035 |
|
|
|a (OCoLC)923431182
|
| 040 |
|
|
|a DE-627
|b ger
|c DE-627
|e rakwb
|
| 041 |
|
|
|a ger
|
| 044 |
|
|
|c XA-DE-BE
|
| 050 |
|
0 |
|a BX1795.E27
|
| 082 |
0 |
|
|a 261.85
|2 22/ger
|
| 082 |
0 |
|
|a 261.8088282
|2 22/ger
|
| 082 |
0 |
4 |
|a 230
|a 330
|q DNB
|
| 084 |
|
|
|a 1
|2 ssgn
|
| 084 |
|
|
|a BL 8020
|q OBV
|2 rvk
|0 (DE-625)rvk/12318:
|
| 084 |
|
|
|a 11.62
|2 bkl
|
| 084 |
|
|
|a 83.02
|2 bkl
|
| 100 |
1 |
|
|0 (DE-588)1076262228
|0 (DE-627)834585723
|0 (DE-576)445112379
|4 aut
|a Kordesch, Ramona
|d 1986-
|
| 109 |
|
|
|a Kordesch, Ramona 1986-
|a Kordesch, Ramona Maria 1986-
|a Kordesch, Ramona M. 1986-
|
| 245 |
1 |
0 |
|a Wirtschaftseinheit Kirche
|b eine Untersuchung aus der Perspektive der Kommunikativen Theologie und der Integrativen Wirtschaftsethik
|c Ramona Maria Kordesch
|
| 264 |
|
1 |
|a Münster
|a Berlin
|b Lit
|c 2015
|
| 300 |
|
|
|a VI, 213 S.
|
| 336 |
|
|
|a Text
|b txt
|2 rdacontent
|
| 337 |
|
|
|a ohne Hilfsmittel zu benutzen
|b n
|2 rdamedia
|
| 338 |
|
|
|a Band
|b nc
|2 rdacarrier
|
| 490 |
0 |
|
|a Tübinger Perspektiven zur Pastoraltheologie und Religionspädagogik
|v 52
|
| 502 |
|
|
|a Zugl.: Tübingen, Univ., Diss., 2013
|
| 601 |
|
|
|a Untersuchung
|
| 601 |
|
|
|a Perspektive
|
| 601 |
|
|
|a Theologie
|
| 601 |
|
|
|a Wirtschaftsethik
|
| 650 |
|
0 |
|a Economics
|x Religious aspects
|x Catholic Church
|
| 655 |
|
7 |
|a Hochschulschrift
|0 (DE-588)4113937-9
|0 (DE-627)105825778
|0 (DE-576)209480580
|2 gnd-content
|
| 689 |
0 |
0 |
|d s
|0 (DE-588)4238565-9
|0 (DE-627)104878509
|0 (DE-576)210414219
|2 gnd
|a Communio-Ekklesiologie
|
| 689 |
0 |
1 |
|d s
|0 (DE-588)4784261-1
|0 (DE-627)390036048
|0 (DE-576)216365341
|2 gnd
|a Integrative Wirtschaftsethik
|
| 689 |
0 |
2 |
|d s
|0 (DE-588)4073315-4
|0 (DE-627)106092650
|0 (DE-576)209190140
|2 gnd
|a Katholische Soziallehre
|
| 689 |
0 |
|
|5 DE-101
|
| 751 |
|
|
|a Tübingen
|4 uvp
|
| 856 |
4 |
2 |
|u http://d-nb.info/1076488234/04
|m B:DE-101
|q pdf/application
|v 20150918110101
|x Verlag
|3 Inhaltsverzeichnis
|7 1
|
| 936 |
r |
v |
|a BL 8020
|b Wirtschaftsethik
|k Theologie und Religionswissenschaften
|k Christliche Gesellschaftslehre
|k Wirtschaft
|k Wirtschaftsethik
|0 (DE-627)1270729446
|0 (DE-625)rvk/12318:
|0 (DE-576)200729446
|
| 936 |
b |
k |
|a 11.62
|j Christliche Ethik
|x Religionswissenschaft
|0 (DE-627)10640380X
|
| 936 |
b |
k |
|a 83.02
|j Philosophie und Theorie der Volkswirtschaft
|0 (DE-627)18157070X
|
| 951 |
|
|
|a BO
|
| ELC |
|
|
|b 1
|
| ORI |
|
|
|a SA-MARC-ixtheo_oa001.raw
|
| REL |
|
|
|a 1
|
| STA |
0 |
0 |
|a Catholic social teaching,Social ethics,Christian social ethics,Communio-Ecclesiology,Communion,Integrative business ethics
|
| STB |
0 |
0 |
|a Doctrine sociale catholique,Ecclésiologie de communion,Éthique économique intégrative
|
| STC |
0 |
0 |
|a Doctrina social católica,Eclesiología de la comunión,Ética económica integrativa
|
| STD |
0 |
0 |
|a Dottrina sociale cattolica,Ecclesiologia della communio,Etica economica integrativa
|
| STE |
0 |
0 |
|a 共融教会论,团体教会论,天主教社会训导
|
| STF |
0 |
0 |
|a 共融教會論,團體教會論,天主教社會訓導
|
| STG |
0 |
0 |
|a Doutrina social católica,Eclesiologia da comunhão,Ética econômica integrativa
|
| STH |
0 |
0 |
|a Интегративная экономическая этика,Католическое социальное учение,Экклезиология церковной общины
|
| STI |
0 |
0 |
|a Εκκλησιολογία της Κοινωνίας,Ενοποιητική επιχειρηματική ηθική,Καθολική κοινωνική διδασκαλία
|
| SUB |
|
|
|a REL
|
| SYG |
0 |
0 |
|a Kommunion,Koinonia , Katholische Gesellschaftslehre,Katholizismus
|